How Letters Are Actually Spelt - Statistics

General Stats
  • This quiz has been taken 123 times
  • The average score is 21 of 26
Answer Stats
letter its word % Correct
A a
100%
B bee
95%
D dee
95%
G gee
95%
C cee
93%
E ee
93%
F ef
93%
I i
87%
J jay
85%
K kay
85%
O o
85%
P pee
84%
L el
83%
M em
83%
N en
83%
T tee
82%
V vee
82%
R ar
81%
X ex
80%
Z zed
80%
U u
78%
S ess
77%
Y wye
74%
W double-u
71%
Q kew / que
71%
H aitch
28%
No matching quizzes found
Score Distribution
Percent of People with Each Score
Percentile by Number Answered
Your Score History
You have not taken this quiz